000 00669cam a22001933a 4500
001 38482
003 PGUSA
005 20140828083841.0
008 120103s2012||||xxu|||||s|||||000 | eng d
040 _aPGUSA
_beng
042 _adc
245 1 0 _aScientific American, Vol. XLIII.—No. 1. [New Series.], July 3, 1880 :
_bA Weekly Journal Of Practical Information, Art, Science, Mechanics, Chemistry, And Manufactures
_h[electronic resource] /
_cVarious
260 _bProject Gutenberg,
_c2012
506 _aPublic domain in the USA.
516 _aElectronic text
830 0 _aProject Gutenberg
_v38482
856 4 0 _uhttp://www.gutenberg.org/ebooks/38482
942 _cEB
999 _c267736
_d267736